00710nam a2200217 a 450000100100000000500170001000800410002702000150006803500150008304000250009808200150012324500680013825000110020626000360021730000200025349000240027370000340029783000310033195201130036299900170047500003548320200930074357.0111101s2000 sp ac 000 0 spa d a8434220857 a8434220857 aDO-SdBNPbspacBNPHU axxxxbC73500aCómo reconocer estilos. /credacción Albert Rovira Sumalla. a3a ed. aBarcelona :bParramón,c2000. a95 p. ;c23 cm.1 aManuales Parramón1 aRovira Sumalla, Albert961360 0aManuales Parramón961361 001050718MOaGRbGRcCTd2011-11-01iLF1l0oxxxx C735p35483-10r2020-06-25w2020-06-25y1ZNo se presta c34974d34974